000 01439nam a22003857a 4500
001 117
003 FISKH
005 20231212152248.0
008 230228b cb ||||| |||| 00| 0 eng d
020 _a0786838825
022 _29780545034661
040 _aDLC
_cDLC
_dDLC
042 _alcac
050 0 0 _aPZ7.P3856
_bCle 2006
082 0 0 _a813.6
_222
100 1 _aPennypacker, Sara,
_d1951-
245 1 0 _aClementine /
_cSara Pennypacker ; pictures by Marla Frazee.
250 _a1st ed.
260 _aNew York
_bScholastic
_c2006
300 _a133 pages :
_billustrations ;
_c21 cm.
505 _aS
520 _aWhile sorting through difficulties in her friendship with her neighbor Margaret, eight-year-old Clementine gains several unique hairstyles while also helping her father in his efforts to banish pigeons from the front of their apartment building.
521 8 _a790
_bLexile
521 8 _aS
_bRaz-Plus
650 1 _aFriendship
_vFiction.
650 1 _aFamily life
_vFiction.
650 1 _aApartment houses
_vFiction.
650 1 _aSchools
_vFiction.
650 1 _aHumorous stories.
700 1 _aFrazee, Marla,
_eill.
856 4 2 _3Publisher description
_uhttp://www.loc.gov/catdir/enhancements/fy1010/2005050458-d.html
856 4 2 _3Contributor biographical information
_uhttp://www.loc.gov/catdir/enhancements/fy1309/2005050458-b.html
906 _a7
_bcbc
_corignew
_d1
_eocip
_f20
_gy-gencatlg
942 _2ddc
_cBK
_n0
999 _c117
_d117